Entrepreneurs

Guardado en:
Detalles Bibliográficos
Autor principal: Joseph J. Fucini
Formato: Libro
Lenguaje:Undetermined
Publicado: Boston G. K Hall & Co. 1985
Etiquetas: Agregar Etiqueta
Sin Etiquetas, Sea el primero en etiquetar este registro!
Thư viện lưu trữ: Trung tâm Học liệu Trường Đại học Cần Thơ
LEADER 00323nam a2200121Ia 4500
001 CTU_85836
008 210402s9999 xx 000 0 und d
100 |a Joseph J. Fucini 
245 0 |a Entrepreneurs 
260 |a Boston 
260 |b G. K Hall & Co. 
260 |c 1985 
980 |a Trung tâm Học liệu Trường Đại học Cần Thơ